Guia de l'alumne : curs 1995 - 96 / Escola Universitària Jordi Rubió i Balaguer de Biblioteconomia i Documentació curs 1995 - 96 / Escola Universitària Jordi Rubió i Balaguer de Biblioteconomia i Documentació
Descripción Física:
21 p. ; 21 cm
MARC
| LEADER | 00000nam a2200000Ia 4500 | ||
|---|---|---|---|
| 001 | 10965 | ||
| 008 | 160829s9999 xx 000 0 cat d | ||
| 080 | |a FU-12-44 | ||
| 110 | 2 | |a Escola Universitària Jordi Rubió i Balaguer de Biblioteconomia i Documentació |9 54300 | |
| 245 | |a Guia de l'alumne : |b curs 1995 - 96 / Escola Universitària Jordi Rubió i Balaguer de Biblioteconomia i Documentació | ||
| 260 | |a Barcelona : |b Diputació de Barcelona. Àrea d'Educació, dl 1995 | ||
| 300 | |a 21 p. ; |c 21 cm | ||
| 610 | 2 | 0 | |a Escola Universitària Jordi Rubió i Balaguer de Biblioteconomia i Documentació |b Currículums |9 54303 |
| 710 | |a Barcelona (Catalunya : Província). |b Àrea d'Educació |9 8009 | ||
| 901 | |a Arxiu | ||
| 942 | |n 1 | ||
| 952 | |0 0 |1 0 |4 0 |6 FU1244 |7 1 |9 43272 |a Arxiu |b Arxiu |d 2016-12-01 |l 0 |o FU-12-44 |p 10965 |r 2016-12-01 00:00:00 |w 2016-12-01 |y ARXIU | ||
| 999 | |c 45817 |d 45817 | ||